[Event "Mittelrhein Regionalliga 1920"]
[Site "Mittelrhein"]
[Date "2019.12.08"]
[Round "4.5"]
[White "Rechner, Klaus"]
[Black "Hess, Christian1111"]
[Result "1/2-1/2"]
[WhiteElo "2038"]
[BlackElo "1953"]
[PlyCount "84"]
[EventDate "2019.09.29"]
[EventType "team-tourn"]
[EventRounds "9"]
[EventCountry "GER"]
[SourceTitle "EXT 2023"]
[Source "ChessBase"]
[SourceDate "2022.10.05"]
[SourceVersion "1"]
[SourceVersionDate "2022.10.05"]
[SourceQuality "1"]
[WhiteTeam "Horrem"]
[BlackTeam "Langenfeld II"]
[WhiteTeamCountry "GER"]
[BlackTeamCountry "GER"]

1. Nf3 Nf6 2. c4 d6 3. d4 g6 4. g3 Bg7 5. Bg2 Nbd7 6. Nc3 0-0 7. 0-0 c5 8. e4 cxd4 9. Nxd4 Ne5 10. b3 Qa5 11. Bb2 Bd7 12. h3 a6 13. a4 e6 14. Qd2 Rfd8 15. Rfd1 Qc7 16. Rac1 Rac8 17. Kh2 Qb8 18. f4 Nc6 19. Nxc6 Bxc6 20. Ba3 Bf8 21. Qe2 b6 22. Rd2 Nd7 23. b4 Bb7 24. Rcd1 Qc7 25. Bf1 Qb8 26. Qe3 Qc7 27. Be2 Nf6 28. f5 exf5 29. exf5 Re8 30. Qd4 Nh5 31. Bxh5 gxh5 32. Nd5 Bxd5 33. Bb2 Re5 34. cxd5 Qe7 35. Qf2 Re3 36. Bd4 Re4 37. f6 Qe8 38. Qf3 Bh6 39. Rf2 h4 40. gxh4 Bf4+ 41. Kg2 Kh8 42. Qg4 Bh6 1/2-1/2

[Event "Ghent Eastman op 42nd"]
[Site "Ghent"]
[Date "2019.07.22"]
[Round "5"]
[White "Willemsma, Abe"]
[Black "Rechner, Klaus"]
[Result "1/2-1/2"]
[WhiteElo "2106"]
[BlackElo "2255"]
[PlyCount "34"]
[EventDate "2019.07.20"]
[EventType "swiss"]
[EventRounds "9"]
[EventCountry "BEL"]
[SourceTitle "CBM 191 Extra"]
[Source "ChessBase"]
[SourceDate "2019.09.30"]
[SourceVersion "1"]
[SourceVersionDate "2019.09.30"]
[SourceQuality "1"]

1. c4 Nf6 2. Nc3 c5 3. Nf3 d5 4. cxd5 Nxd5 5. e3 Nc6 6. Qb3 Nb6 7. d4 e6 8. Bb5 Bd7 9. 0-0 cxd4 10. exd4 Na5 11. Bxd7+ Qxd7 12. Qb5 Qxb5 13. Nxb5 Nd5 14. Bg5 a6 15. Nc3 Nxc3 16. bxc3 Rc8 17. Rfe1 Ba3 1/2-1/2

[Event "Mittelrhein Verbandsliga-W 18/19"]
[Site "Nordrheinwestfalen"]
[Date "2019.05.05"]
[Round "10.4"]
[White "Budelsky, Dietmar"]
[Black "Rechner, Klaus"]
[Result "0-1"]
[WhiteElo "1823"]
[BlackElo "2002"]
[PlyCount "90"]
[EventDate "2018.09.02"]
[EventType "team-tourn"]
[EventRounds "11"]
[EventCountry "GER"]
[SourceTitle "EXT 2022"]
[Source "ChessBase"]
[SourceDate "2021.10.06"]
[SourceVersion "1"]
[SourceVersionDate "2021.10.06"]
[SourceQuality "1"]
[WhiteTeam "Pulheim"]
[BlackTeam "Horrem"]
[WhiteTeamCountry "GER"]
[BlackTeamCountry "GER"]

1. d4 Nf6 2. Nf3 g6 3. Bg5 Bg7 4. e3 d5 5. Nbd2 c6 6. c3 Nbd7 7. Bd3 0-0 8. 0-0 Re8 9. h3 Qb6 10. Qb3 e5 11. dxe5 Nxe5 12. Nxe5 Rxe5 13. Nf3 Re8 14. Rfd1 Ne4 15. Bf4 Nc5 16. Qxb6 axb6 17. Bc2 Na4 18. Bxa4 Rxa4 19. a3 h6 20. Bc7 Ra6 21. Rd2 b5 22. Nd4 Be6 23. Re1 Raa8 24. f3 Rac8 25. Bg3 Red8 26. Bf2 Bf8 27. Red1 Be7 28. Nxe6 fxe6 29. e4 Bg5 30. Re2 dxe4 31. Rxd8+ Rxd8 32. fxe4 Rd1+ 33. Re1 Rd2 34. b4 Rd3 35. h4 Bf4 36. e5 Rxc3 37. Re4 Rc1+ 38. Be1 Bg3 39. Kf1 h5 40. Re3 Rxe1+ 41. Rxe1 Bxe1 42. Kxe1 Kf7 43. Kd2 g5 44. Ke3 gxh4 45. Kd4 b6 0-1

[Event "Mittelrhein Verbandsliga-W 18/19"]
[Site "Nordrheinwestfalen"]
[Date "2019.04.07"]
[Round "9.4"]
[White "Rechner, Klaus"]
[Black "Buller, Ivan"]
[Result "1-0"]
[WhiteElo "2002"]
[BlackElo "1846"]
[PlyCount "49"]
[EventDate "2018.09.02"]
[EventType "team-tourn"]
[EventRounds "11"]
[EventCountry "GER"]
[SourceTitle "EXT 2022"]
[Source "ChessBase"]
[SourceDate "2021.10.06"]
[SourceVersion "1"]
[SourceVersionDate "2021.10.06"]
[SourceQuality "1"]
[WhiteTeam "Horrem"]
[BlackTeam "Bergheim"]
[WhiteTeamCountry "GER"]
[BlackTeamCountry "GER"]

1. Nf3 Nf6 2. c4 e6 3. g3 d5 4. d4 Bb4+ 5. Bd2 Be7 6. Bg2 0-0 7. 0-0 b6 8. cxd5 exd5 9. Nc3 Bb7 10. Bf4 Re8 11. Qb3 c6 12. Rad1 Nbd7 13. Ne5 Nf8 14. e4 Ne6 15. Bc1 a5 16. Rfe1 Bb4 17. exd5 Nxd5 18. a3 Bxc3 19. bxc3 Qc7 20. c4 Nxd4 21. Rxd4 Rxe5 22. Red1 Nf6 23. Bf4 Qe7 24. Bxe5 Qxe5 25. Qxb6 1-0

[Event "Mittelrhein Verbandsliga-W 18/19"]
[Site "Nordrheinwestfalen"]
[Date "2019.02.10"]
[Round "7.3"]
[White "Haverkamp, Klaus"]
[Black "Rechner, Klaus"]
[Result "1/2-1/2"]
[WhiteElo "1948"]
[BlackElo "2002"]
[PlyCount "61"]
[EventDate "2018.09.02"]
[EventType "team-tourn"]
[EventRounds "11"]
[EventCountry "GER"]
[SourceTitle "EXT 2022"]
[Source "ChessBase"]
[SourceDate "2021.10.06"]
[SourceVersion "1"]
[SourceVersionDate "2021.10.06"]
[SourceQuality "1"]
[WhiteTeam "Herzogenrath"]
[BlackTeam "Horrem"]
[WhiteTeamCountry "GER"]
[BlackTeamCountry "GER"]

1. e4 e5 2. Nf3 Nc6 3. Bc4 Bc5 4. c3 Nf6 5. d3 a6 6. 0-0 Ba7 7. Qe2 d6 8. Be3 0-0 9. Nbd2 Na5 10. Bxa7 Rxa7 11. Rfe1 Ra8 12. d4 Bg4 13. h3 Bxf3 14. Qxf3 Qe7 15. Bf1 Nc6 16. d5 Nb8 17. g4 Ne8 18. a4 Nd7 19. a5 g6 20. Bd3 Ng7 21. Nf1 Qg5 22. Qe3 Qf4 23. Ng3 h5 24. gxh5 Nxh5 25. Kg2 Qxe3 26. fxe3 Nxg3 27. Kxg3 Kg7 28. Rf1 Rh8 29. Rf2 Rh6 30. Raf1 Rf8 31. b4 1/2-1/2

[Event "Mittelrhein Verbandsliga-W 16/17"]
[Site "Nordrheinwestfalen"]
[Date "2016.10.23"]
[Round "3.1"]
[White "Goergens, Albert"]
[Black "Rechner, Klaus"]
[Result "1-0"]
[WhiteElo "2170"]
[BlackElo "2049"]
[PlyCount "63"]
[EventDate "2016.09.11"]
[EventType "team-tourn"]
[EventRounds "11"]
[EventCountry "GER"]
[SourceTitle "EXT 2022"]
[Source "ChessBase"]
[SourceDate "2021.10.06"]
[SourceVersion "1"]
[SourceVersionDate "2021.10.06"]
[SourceQuality "1"]
[WhiteTeam "Pulheim"]
[BlackTeam "Horrem"]
[WhiteTeamCountry "GER"]
[BlackTeamCountry "GER"]

1. e4 c5 2. c3 g6 3. Bc4 Bg7 4. Nf3 Qc7 5. 0-0 Nc6 6. Re1 d6 7. h3 a6 8. Bb3 Nf6 9. d4 cxd4 10. cxd4 e5 11. Nc3 0-0 12. Bg5 Qa5 13. dxe5 dxe5 14. Nd5 Nd7 15. Rc1 h6 16. Ne7+ Nxe7 17. Bxe7 Re8 18. Rxc8 Raxc8 19. Qxd7 Qc7 20. Qxc7 Rxc7 21. Bb4 Kh7 22. Bc3 f6 23. h4 h5 24. Rd1 Bf8 25. Kf1 Bc5 26. Ke2 Rec8 27. Rd5 b6 28. Ne1 a5 29. Nd3 Kh6 30. Nxc5 Rxc5 31. Bd2+ Kg7 32. Rd7+ 1-0

[Event "Mittelrhein Verbandsliga-W 15/16"]
[Site "Nordrheinwestfalen"]
[Date "2016.01.10"]
[Round "6.1"]
[White "Meirick, Ingo"]
[Black "Rechner, Klaus"]
[Result "1-0"]
[WhiteElo "2154"]
[BlackElo "2052"]
[PlyCount "117"]
[EventDate "2015.09.06"]
[EventType "team-tourn"]
[EventRounds "11"]
[EventCountry "GER"]
[SourceTitle "EXT 2022"]
[Source "ChessBase"]
[SourceDate "2021.10.06"]
[SourceVersion "1"]
[SourceVersionDate "2021.10.06"]
[SourceQuality "1"]
[WhiteTeam "Herzogenrath"]
[BlackTeam "Horrem"]
[WhiteTeamCountry "GER"]
[BlackTeamCountry "GER"]

1. Nf3 d5 2. d4 Nf6 3. c4 e6 4. Bg5 c6 5. e3 Nbd7 6. cxd5 exd5 7. Bd3 Be7 8. Nc3 0-0 9. Qc2 Re8 10. h3 Nf8 11. 0-0 Ne4 12. Bf4 Nd6 13. b4 a6 14. a4 g6 15. b5 axb5 16. axb5 Rxa1 17. Rxa1 Bf5 18. Bxf5 Nxf5 19. bxc6 bxc6 20. Ne5 Qc8 21. Na4 Ne6 22. Bh2 Nd8 23. Rc1 Ba3 24. Ra1 Bd6 25. Nd3 Bxh2+ 26. Kxh2 Ne6 27. Nac5 Nxc5 28. Qxc5 Qc7+ 29. Kg1 Rb8 30. Nb4 Qe7 31. Nxc6 Qxc5 32. dxc5 Rc8 33. Ra6 Kf8 34. Ne5 Rc7 35. Nd3 Ke7 36. g4 Ng7 37. f4 Ne6 38. Ra5 f5 39. Kf2 d4 40. Kf3 dxe3 41. Kxe3 Kd7 42. Kd2 Kc6 43. Ra6+ Kd7 44. Rd6+ Ke7 45. Rd5 fxg4 46. hxg4 h6 47. Kc3 g5 48. f5 Nf4 49. Nxf4 gxf4 50. Kd4 Kf6 51. Rd6+ Kg5 52. Rg6+ Kh4 53. f6 f3 54. Rxh6+ Kxg4 55. Kd5 f2 56. Rh1 Kf5 57. Rf1 Kxf6 58. Kd6 Rh7 59. Rxf2+ 1-0

[Event "Ghent Taminco op 38th"]
[Site "Ghent"]
[Date "2015.07.21"]
[Round "7"]
[White "Rechner, Klaus"]
[Black "Boog, Ben"]
[Result "1/2-1/2"]
[WhiteElo "2255"]
[BlackElo "2075"]
[PlyCount "36"]
[EventDate "2015.07.18"]
[EventType "swiss"]
[EventRounds "9"]
[EventCountry "BEL"]
[SourceTitle "CBM 167 Extra"]
[Source "ChessBase"]
[SourceDate "2015.09.14"]
[SourceVersion "1"]
[SourceVersionDate "2015.09.14"]
[SourceQuality "1"]

1. Nf3 g6 2. d4 Bg7 3. g3 d5 4. Bg2 Nf6 5. c4 c6 6. Qb3 dxc4 7. Qxc4 0-0 8. Nc3 Nbd7 9. 0-0 Nb6 10. Qb3 Be6 11. Qc2 Nfd5 12. a3 Nxc3 13. bxc3 Qd7 14. Ng5 Bc4 15. Re1 e5 16. Nf3 exd4 17. cxd4 Rfe8 18. Rb1 Bb5 1/2-1/2

[Event "Ghent Taminco op 38th"]
[Site "Ghent"]
[Date "2015.07.18"]
[Round "1"]
[White "Rechner, Klaus"]
[Black "Smet, Louis"]
[Result "1-0"]
[WhiteElo "2255"]
[BlackElo "1791"]
[PlyCount "55"]
[EventDate "2015.07.18"]
[EventType "swiss"]
[EventRounds "9"]
[EventCountry "BEL"]
[SourceTitle "CBM 167 Extra"]
[Source "ChessBase"]
[SourceDate "2015.09.14"]
[SourceVersion "1"]
[SourceVersionDate "2015.09.14"]
[SourceQuality "1"]

1. Nf3 d5 2. d4 Nf6 3. c4 c6 4. Qc2 g6 5. Bf4 Bg7 6. e3 0-0 7. h3 dxc4 8. Bxc4 b5 9. Bd3 Bb7 10. Nbd2 Nbd7 11. e4 a6 12. 0-0 Rc8 13. Nb3 Qb6 14. Rac1 Rfd8 15. Rfd1 Bf8 16. Bd2 Re8 17. Ba5 Qa7 18. e5 Nd5 19. e6 fxe6 20. Bxg6 N7f6 21. Bxe8 Rxe8 22. Nc5 Bh6 23. Bd2 Bxd2 24. Qxd2 Bc8 25. Ne5 Qc7 26. Qg5+ Kf8 27. Qh6+ Kg8 28. Rd3 1-0

[Event "Mittelrhein Regionalliga 1415"]
[Site "Mittelrhein"]
[Date "2014.12.07"]
[Round "4.2"]
[White "Rechner, Klaus"]
[Black "Hemmann, Arnold"]
[Result "1/2-1/2"]
[WhiteElo "2021"]
[BlackElo "2111"]
[PlyCount "29"]
[EventDate "2014.09.28"]
[EventType "team-tourn"]
[EventRounds "9"]
[EventCountry "GER"]
[SourceTitle "EXT 2023"]
[Source "ChessBase"]
[SourceDate "2022.10.05"]
[SourceVersion "1"]
[SourceVersionDate "2022.10.05"]
[SourceQuality "1"]
[WhiteTeam "Horrem"]
[BlackTeam "Rheinbacher SF"]
[WhiteTeamCountry "GER"]
[BlackTeamCountry "GER"]

1. e4 c5 2. Nf3 Nf6 3. e5 Nd5 4. Nc3 e6 5. Nxd5 exd5 6. d4 Nc6 7. dxc5 Bxc5 8. Qxd5 d6 9. exd6 Qb6 10. Qe4+ Be6 11. Qh4 Bf5 12. Be2 0-0 13. 0-0 Bxc2 14. Qc4 Bg6 15. Bf4 1/2-1/2

[Event "Mittelrhein Regionalliga 1415"]
[Site "Mittelrhein"]
[Date "2014.09.28"]
[Round "1.2"]
[White "Rechner, Klaus"]
[Black "Loseries, Uwe"]
[Result "1-0"]
[WhiteElo "2021"]
[BlackElo "2171"]
[PlyCount "67"]
[EventDate "2014.09.28"]
[EventType "team-tourn"]
[EventRounds "9"]
[EventCountry "GER"]
[SourceTitle "EXT 2023"]
[Source "ChessBase"]
[SourceDate "2022.10.05"]
[SourceVersion "1"]
[SourceVersionDate "2022.10.05"]
[SourceQuality "1"]
[WhiteTeam "Horrem"]
[BlackTeam "Koeln Lasker"]
[WhiteTeamCountry "GER"]
[BlackTeamCountry "GER"]

1. e4 c6 2. d4 d5 3. e5 c5 4. c4 cxd4 5. Nf3 Nc6 6. Nxd4 dxc4 7. Nxc6 Qxd1+ 8. Kxd1 bxc6 9. Bxc4 e6 10. Be3 Ne7 11. Nc3 Nd5 12. Nxd5 cxd5 13. Bb3 Bb4 14. Rc1 Bd7 15. Bc5 Bxc5 16. Rxc5 Ke7 17. Kd2 Rhc8 18. Rhc1 Kd8 19. Ke3 Rab8 20. Rxc8+ Bxc8 21. Rc5 Rb4 22. f3 Ba6 23. Ra5 Rb6 24. Ba4 Kc7 25. b4 Bb7 26. a3 Ra6 27. Rxa6 Bxa6 28. Kd4 Bf1 29. g3 Kb6 30. Be8 f6 31. Bd7 Bh3 32. g4 Bg2 33. f4 Bh3 34. Bxe6 1-0

[Event "Mittelrhein-chT 1112"]
[Site "Germany"]
[Date "2011.11.13"]
[Round "4.2"]
[White "Kummer, Wolfram"]
[Black "Rechner, Klaus"]
[Result "1/2-1/2"]
[WhiteElo "2088"]
[BlackElo "2011"]
[PlyCount "28"]
[EventDate "2011.09.11"]
[EventType "team-tourn"]
[EventRounds "13"]
[EventCountry "GER"]
[SourceTitle "EXT 2013"]
[Source "ChessBase"]
[SourceDate "2012.11.22"]
[SourceVersion "1"]
[SourceVersionDate "2012.11.22"]
[SourceQuality "1"]
[WhiteTeam "Godesberg III"]
[BlackTeam "Horrem"]
[WhiteTeamCountry "GER"]
[BlackTeamCountry "GER"]

1. e4 c5 2. Nf3 d6 3. Bb5+ Bd7 4. Bxd7+ Qxd7 5. 0-0 g6 6. c4 Bg7 7. d4 cxd4 8. Nxd4 Nf6 9. Nc3 0-0 10. f3 Rc8 11. b3 d5 12. exd5 Nxd5 13. Nxd5 e6 14. Be3 exd5 1/2-1/2

[Event "Mittelrhein-chT 1112"]
[Site "Germany"]
[Date "2011.09.11"]
[Round "1.2"]
[White "Rechner, Klaus"]
[Black "Goossens, Etienne"]
[Result "0-1"]
[WhiteElo "2011"]
[BlackElo "2181"]
[PlyCount "84"]
[EventDate "2011.09.11"]
[EventType "team-tourn"]
[EventRounds "13"]
[EventCountry "GER"]
[SourceTitle "EXT 2013"]
[Source "ChessBase"]
[SourceDate "2012.11.22"]
[SourceVersion "1"]
[SourceVersionDate "2012.11.22"]
[SourceQuality "1"]
[WhiteTeam "Horrem"]
[BlackTeam "Wuerselen"]
[WhiteTeamCountry "GER"]
[BlackTeamCountry "GER"]

1. d4 e6 2. Nf3 c5 3. e4 cxd4 4. Nxd4 Nf6 5. Nc3 Nc6 6. Ndb5 d6 7. Bf4 e5 8. Bg5 a6 9. Na3 b5 10. Nd5 Be7 11. Bxf6 Bxf6 12. c3 Ne7 13. Nxf6+ gxf6 14. Bd3 d5 15. exd5 Qxd5 16. Qe2 Bb7 17. 0-0-0 Qxa2 18. f4 Rc8 19. fxe5 f5 20. Bb1 Qe6 21. Rd6 Qb3 22. Qc2 Qxc2+ 23. Nxc2 Rg8 24. Re1 Rxg2 25. Nd4 b4 26. Bxf5 Nxf5 27. Nxf5 bxc3 28. b3 Ra2 29. Rb6 Ra1+ 30. Kc2 Rxe1 31. Rxb7 Re2+ 32. Kc1 Rc5 33. Nd6+ Kf8 34. Rxf7+ Kg8 35. Rf4 Ra5 36. Rg4+ Kf8 37. Rf4+ Kg7 38. Rg4+ Kh6 39. Nf5+ Kh5 40. Ra4 Rxa4 41. Ng3+ Kg6 42. Nxe2 Ra2 0-1

[Event "Regionalliga Mittelrhein 1011"]
[Site "Germany"]
[Date "2011.01.16"]
[Round "4.3"]
[White "Rechner, Klaus"]
[Black "Eigemann, Julian"]
[Result "1/2-1/2"]
[WhiteElo "1987"]
[BlackElo "1928"]
[PlyCount "33"]
[EventDate "2010.10.24"]
[EventType "team"]
[EventRounds "9"]
[EventCountry "GER"]
[SourceTitle "EXT 2015"]
[Source "ChessBase"]
[SourceDate "2014.11.20"]
[SourceVersion "1"]
[SourceVersionDate "2014.11.20"]
[SourceQuality "1"]
[WhiteTeam "Horrem"]
[BlackTeam "Koeln Muelheim"]
[WhiteTeamCountry "GER"]
[BlackTeamCountry "GER"]

1. e4 c5 2. Nf3 d6 3. Bb5+ Bd7 4. Bxd7+ Nxd7 5. 0-0 Ngf6 6. Qe2 e6 7. c4 Ne5 8. Nc3 Nfd7 9. d3 g6 10. Ng5 h6 11. Nh3 Bg7 12. f4 Nc6 13. Be3 0-0 14. Kh1 Re8 15. Qd2 f5 16. Ng1 Nf6 17. Nf3 1/2-1/2

[Event "Regionalliga Mittelrhein 1011"]
[Site "Germany"]
[Date "2010.12.12"]
[Round "3.3"]
[White "Bussard, Christian"]
[Black "Rechner, Klaus"]
[Result "1-0"]
[WhiteElo "2102"]
[BlackElo "1987"]
[PlyCount "173"]
[EventDate "2010.10.24"]
[EventType "team"]
[EventRounds "9"]
[EventCountry "GER"]
[SourceTitle "EXT 2015"]
[Source "ChessBase"]
[SourceDate "2014.11.20"]
[SourceVersion "1"]
[SourceVersionDate "2014.11.20"]
[SourceQuality "1"]
[WhiteTeam "Niederkassel"]
[BlackTeam "Horrem"]
[WhiteTeamCountry "GER"]
[BlackTeamCountry "GER"]

1. e4 c5 2. c3 g6 3. d4 cxd4 4. cxd4 d5 5. e5 Nc6 6. Nc3 Bg7 7. Be2 h5 8. Bf3 Nh6 9. Bxd5 0-0 10. Nge2 e6 11. Be4 Nf5 12. Bxf5 exf5 13. 0-0 Qb6 14. Nd5 Qd8 15. Ne3 f4 16. Nc4 f3 17. gxf3 Bh3 18. Re1 Qd5 19. Nd6 Qxf3 20. Nf4 Qxd1 21. Rxd1 Bg4 22. Rd3 b6 23. f3 Bd7 24. Be3 Nb4 25. Rc3 Be6 26. Kf2 Nd5 27. Nxe6 fxe6 28. Rc6 Rad8 29. Rg1 Kh7 30. Ne4 Rc8 31. Ng5+ Kg8 32. Rxc8 Rxc8 33. Rc1 Rxc1 34. Bxc1 Bh6 35. Bd2 Bxg5 36. Bxg5 Kf7 37. Ke2 Ke8 38. Kd3 Kd7 39. Bd2 Kc6 40. Ke4 b5 41. Bg5 a6 42. Kd3 Kd7 43. Bd2 Kc6 44. Be1 Kd7 45. Ke2 Kc6 46. Bd2 Ne7 47. Bg5 Nf5 48. Kd3 Kd5 49. Be3 Ne7 50. Bg1 Kc6 51. Be3 Nd5 52. Bg5 Kd7 53. Ke2 Kc6 54. Bd2 Ne7 55. Ke3 Nf5+ 56. Kf4 Ne7 57. Kg3 Kd7 58. Kf4 Ke8 59. Ba5 Nd5+ 60. Kg5 Kf7 61. Bd2 Ne7 62. f4 Nf5 63. d5 exd5 64. e6+ Kxe6 65. Kxg6 h4 66. Kg5 d4 67. Kg4 Nd6 68. Bb4 d3 69. Kf3 Nc4 70. b3 d2 71. Ke2 Ne3 72. Bxd2 Nd5 73. Kf3 Kf5 74. Be1 Nxf4 75. Bxh4 Nd3 76. a3 a5 77. Ke3 Ne5 78. Bg3 Nc6 79. Bd6 Ke6 80. Bf4 Kd5 81. h4 Nd4 82. h5 a4 83. b4 Kc4 84. Ke4 Ne6 85. h6 Nf8 86. Bd6 Nh7 87. Kf5 1-0